000
00252cam a22000977a 4500
008
180718b1961 xxu||||| |||| 00| 0 eng d
082
_a
L1x5411 As72/2
245
_a
The budget manual, Assam
260
_a
Shillong
_b
Government Press
_c
1961
300
_a
204p.
999
_c
500457
_d
500457